Cơ ứng dụng trong kỹ thuật

Salvato in:
Dettagli Bibliografici
Autore principale: Đặng Việt Cương
Natura: Libro
Lingua:Vietnamese
Pubblicazione: Khoa học kỹ thuật 2005
Soggetti:
Tags: Aggiungi Tag
Nessun Tag, puoi essere il primo ad aggiungerne! !
Thư viện lưu trữ: Mạng thư viện Đại học Đà Nẵng
LEADER 00978nam a2200313 a 4500
001 000002597
003 00575
005 20171229145311.0
008 171229s2005 vie
040 |a LSK 
041 0 |a VIE 
082 0 |a 620.105  |b ĐĂ-C 
100 1 |a Đặng Việt Cương 
245 0 0 |a Cơ ứng dụng trong kỹ thuật 
260 |b Khoa học kỹ thuật  |c 2005 
300 |a 362 pages  |c 24 cm. 
653 |a Cơ học ứng dụng 
852 |a Phòng Đọc 
901 |a 1 
927 |a Sách tham khảo 
OWN |a LSK 
AVA |a UDN50  |b LSK  |d 620.105 ĐĂ-C  |e available  |t Error 5001 Not defined in file expand_doc_bib_avail.  |f 1  |g 0  |h N  |i 0  |k 1 
999 |a From the UDN01 
AVA |a UDN50  |b LSK  |d 620.105 ĐĂ-C  |e available  |t Error 5001 Not defined in file expand_doc_bib_avail.  |f 1  |g 0  |h N  |i 0  |k 1 
TYP |a Monograph 
TYP |a Printed language 
980 |a Mạng thư viện Đại học Đà Nẵng